000 00508nam a2200181Ia 4500
005 20250508161523.0
008 008 250505s9999 xx 000 0 eng d
037 _aTextual
040 _aFEDL
_beng
_cFEDL
041 _aeng
_2eng
084 _a520, BLO
_qFEDL
100 _aBloomfield Lincolm
_9770826
245 0 _aOuter space : Prospects for man and sqciety
260 _aNew Delhi, India
_bM Sundaram
_c1962
300 _a203p.
942 _cTEXL
_h520, BLO
999 _c1370499
_d1370499